Bible characters. (Record no. 3568)

000 -LEADER
fixed length control field 00621nam a2200205 a 4500
001 - CONTROL NUMBER
control field :::00001299$&:&@@
003 - CONTROL NUMBER IDENTIFIER
control field OkBaRHE
005 - DATE AND TIME OF LATEST TRANSACTION
control field 20000607103243.0
008 - FIXED-LENGTH DATA ELEMENTS--GENERAL INFORMATION
fixed length control field s1902 j 000 0 eng u
040 ## - CATALOGING SOURCE
Transcribing agency
100 1# - MAIN ENTRY--PERSONAL NAME
Personal name Moody, Dwight Lyman, et al.
245 10 - TITLE STATEMENT
Title Bible characters.
260 ## - PUBLICATION, DISTRIBUTION, ETC. (IMPRINT)
Place of publication, distribution, etc Chicago, IL., :
Name of publisher, distributor, etc Thos. W. Jackson Publishing Company
Date of publication, distribution, etc 1902
300 ## - PHYSICAL DESCRIPTION
Extent 477 p. ;
Dimensions 18 cm.
650 ## - SUBJECT ADDED ENTRY--TOPICAL TERM
Topical term or geographic name as entry element Bible
General subdivision Biography
700 ## - ADDED ENTRY--PERSONAL NAME
Personal name Parker, Joseph.
700 ## - ADDED ENTRY--PERSONAL NAME
Personal name Talmage, T. De Witt.
942 ## - ADDED ENTRY ELEMENTS (KOHA)
Source of classification or shelving scheme
Koha item type Books
Copies
Barcode Withdrawn status Price effective from Koha item type Damaged status Copy number Shelving location Full call number Permanent Location Lost status Not for loan Date last seen Date acquired Source of classification or shelving scheme
1299 2010-04-14Books 1General StacksBS 571.5 .M65RHEMA Bible Training College  2012-01-062010-04-14